000 00496pab a2200181 454500
008 180718b2011 xxu||||| |||| 00| 0 eng d
100 _aRoy, Rathin
245 _aA response to conundrums and fundamentalisms perceived in the THFC report
260 _c2011
300 _ap.76-79.
362 _a23 Apr
650 _aThirteenth Finance Commission
650 _aPublic finance - India
650 _aPublic finance
773 _aEconomic and Political Weekly
908 _aN
909 _a91314
999 _c91314
_d91314